La legitimidad del Derecho: hacia una teoría personalista

Sparad:
Bibliografiska uppgifter
Huvudupphovsmän: Anriquez Novoa, Gastón (Författare, medförfattare), Anriquez Novoa, Alvaro (Författare, medförfattare)
Materialtyp: Bok
Språk:spanska
Publicerad: Santiago Jurídica de Chile 1994
Upplaga:1a. ed
Ämnen:
Taggar: Lägg till en tagg
Inga taggar, Lägg till första taggen!

MARC

LEADER 00000cam a2200000 a 4500
001 UCC5314
003 CL-VaPUC
008 181005e19940000cl |||||||||||||||||spa|d
020 |a 9561010704 
082 0 4 |a 340.11  |b ANR  |2 21 
100 0 |a Anriquez Novoa, Gastón  |e author  |9 599638 
700 0 |a Anriquez Novoa, Alvaro  |e author  |9 599639 
245 1 3 |a La legitimidad del Derecho: hacia una teoría personalista 
250 |a 1a. ed 
300 |a 125 p 
942 |c BK 
945 |d 20181005 11:02:00  |a dcastane 
260 |a Santiago  |b Jurídica de Chile  |c 1994 
650 0 |a Filosofía del derecho   |9 255050 
650 0 |a Antropología filosófica  |9 265842 
583 |a last modification  |c 20181005 11:02:00  |k Rodrigo Vera 
999 |c 372567  |d 372565 
952 |0 0  |1 0  |3 erb  |4 0  |6 340_110000000000000_ANR_1994  |7 0  |8 A  |9 490250  |a BIBDER  |b BIBDER  |e Mateluna Arestizabal, Alfredo Sergio  |i 5490316  |o 340.11 ANR 1994  |p 5490316  |r 2023-01-25  |w 2019-11-24  |y BK  |z Catalogado en:20181005  |k DER